Togo : Selected Issues.

This Selected Issues paper examines civil service employment and reform in Togo. The paper analyzes overall developments in civil service employment and wages. It looks in some detail at employment in the health and education sectors, which together account for almost two-thirds of the civil service...

Ful tanımlama

Detaylı Bibliyografya
Müşterek Yazar: International Monetary Fund
Materyal Türü: Dergi
Dil:English
Baskı/Yayın Bilgisi: Washington, D.C. : International Monetary Fund, 1998.
Seri Bilgileri:IMF Staff Country Reports; Country Report ; No. 1998/021
Online Erişim:Full text available on IMF
LEADER 01621cas a2200241 a 4500
001 AALejournalIMF007480
008 230101c9999 xx r poo 0 0eng d
020 |c 5.00 USD 
020 |z 9781451836554 
022 |a 1934-7685 
040 |a BD-DhAAL  |c BD-DhAAL 
110 2 |a International Monetary Fund. 
245 1 0 |a Togo :   |b Selected Issues. 
264 1 |a Washington, D.C. :  |b International Monetary Fund,  |c 1998. 
300 |a 1 online resource (94 pages) 
490 1 |a IMF Staff Country Reports 
500 |a <strong>Off-Campus Access:</strong> No User ID or Password Required 
500 |a <strong>On-Campus Access:</strong> No User ID or Password Required 
506 |a Electronic access restricted to authorized BRAC University faculty, staff and students 
520 3 |a This Selected Issues paper examines civil service employment and reform in Togo. The paper analyzes overall developments in civil service employment and wages. It looks in some detail at employment in the health and education sectors, which together account for almost two-thirds of the civil service, and identifies some of the key problems that also apply to personnel management in other areas. The paper identifies some of the major problems facing civil service management in Togo, and examines the revitalized reform efforts intended to resolve them. Public enterprise reforms in Togo are also examined. 
538 |a Mode of access: Internet 
830 0 |a IMF Staff Country Reports; Country Report ;  |v No. 1998/021 
856 4 0 |z Full text available on IMF  |u http://elibrary.imf.org/view/journals/002/1998/021/002.1998.issue-021-en.xml  |z IMF e-Library